00456 2200181 4500001002100000005001500021008004100036035002500077041000800102082001000110090001000120245003900130250001600169260003600185300003000221500000700251650001600258INLIS00000000001544020130516021458 ind  a0010-051300000015440 aind a658.3 a658.3 aMasalah Organisasi Dan Kepegawaian aCetakan : 1 aJakartbDepartemen dalam Negeri a70 hlm. : ilus. ;23.5 cm. a68 aKepegawaian